000 00497nam a22001937a 4500
005 20180714151146.0
008 180714b xxu||||| |||| 00| 0 eng d
010 _aA-780882
020 _a185326847X
035 _aA-780882
037 _bDBAD / PUB
040 _adpl
_bEnglish
082 _aN
100 _aAusten, Jane
245 _aNorthanger abbey /
_cby Jane Austen
260 _aDelhi
_bWordsworth Classic
_c1995
300 _a181p.
_bill.
_c22cm(Hb)
942 _2ddc
_cCH
_hN
_mAUS
999 _c154048
_d154048